| 000 | 00462nam a22001577a 4500 | ||
|---|---|---|---|
| 005 | 20240313105644.0 | ||
| 008 | 240313b |||||||| |||| 00| 0 eng d | ||
| 020 | _a96949610510 | ||
| 082 |
_a486 _bAQE-A |
||
| 100 | _aAqeel Abbas Jaffri | ||
| 245 |
_aAik Saal Pachaas Sawal : _bPTV ka maqbool quiz Program / _cby Aqeel Abbas Jaffri . |
||
| 260 |
_aPakistan : _bDost publications ; _c1999 . |
||
| 300 |
_a436 p. : _c22 cm . |
||
| 650 | _aLiterature | ||
| 999 |
_c35346 _d35346 |
||